|
|
|
|
| LEADER |
00000nab a2200000 a 4500 |
| 001 |
vtls000587136 |
| 003 |
SK-MaSNL |
| 005 |
20260304100416.0 |
| 008 |
250425c1996 xo 0 slo |
| 015 |
|
|
|a SNBRB19rr/mm-uuuuu
|
| 035 |
|
|
|a CL0587275
|
| 035 |
|
|
|a urn:nbn:sk:snk-ab2o25
|
| 035 |
|
|
|a (urnnbn)urn:nbn:sk:snk:ar-a02ot0
|
| 035 |
|
|
|a (uuid)3bcb9826-2d0d-4f59-a985-e5011ccc4094
|
| 040 |
|
|
|a SNKBUCL
|b slo
|c SNKBUCL
|e AACR2
|
| 041 |
0 |
|
|a slo
|
| 044 |
|
|
|a xo
|c SK
|
| 080 |
|
|
|a 75.071.1
|2 1981
|
| 080 |
|
|
|a 929 Kollár, Jozef
|2 1981
|
| 100 |
1 |
|
|a Lichnerová, Rút,
|d 1951-
|4 aut
|9 102132
|
| 245 |
1 |
0 |
|a Jozef Kollár (1899-1982) - človek a umelec
|c Rút Lichnerová
|
| 300 |
|
|
|b Obr. 7, lit. 19 zázn. v slov.
|
| 600 |
1 |
7 |
|a Kollár, Jozef,
|d 1899-1982
|2 snkbucl
|9 195276
|
| 655 |
|
7 |
|a články z novín a časopisov
|2 snkbucl
|9 267496
|
| 773 |
0 |
|
|t Múzeum
|g Roč. 41, č. 2 (1996), s. 2-8
|x 0027-5263
|
| 850 |
|
|
|a Slovenská národná knižnica
|
| 852 |
|
|
|a Slovenská národná knižnica
|
| 954 |
|
|
|a odborná, vedecká literatúra pôvodná (slovenská)
|2 lita
|
| 958 |
|
|
|a article27
|
| 958 |
|
|
|a BX
|
| 958 |
|
|
|a OND
|
| 958 |
|
|
|a EUIPO
|
| 992 |
|
|
|a RBX
|
| 999 |
|
|
|c 2837839
|d 2839769
|